Research methods in social relations : with especial reference to prejudice /

Bibliographic Details
Corporate Author: Society for the Psychological Study of Social Issues
Other Authors: Jahoda, Marie
Format: Book
Language:English
Published: New York : Dryden Press, [1951]
Subjects:

MARC

Tag First Indicator Second Indicator Subfields
LEADER 00000cam a2200000 4500
001 in00000058640
005 20151008050444.0
008 720321s1951 nyu b 00000 eng u
010 |a  51012509  
035 |a (OCoLC)00268245 
035 |9 AAG1133AM 
040 |c CSU  |d CHS  |d TXA  |d UtOrBLW 
049 |a TXAM  |c 1  |v 1 [208504]  |v 2[208507] 
050 0 0 |a H62  |b .R45 
092 |a 307.2  |b R432 
096 |a H 62 R429 1951 
245 0 0 |a Research methods in social relations :  |b with especial reference to prejudice /  |c [by] Marie Jahoda, Morton Deutsch and Stuart W. Cook. [Contributing authors: Isidor Chein, and others]. 
264 1 |a New York :  |b Dryden Press,  |c [1951] 
300 |a 2 volumes (x, 759p.) ;  |c 22cm. 
336 |a text  |b txt  |2 rdacontent 
337 |a unmediated  |b n  |2 rdamedia 
338 |a volume  |b nc  |2 rdacarrier 
500 |a "Published for the Society for the Psychological Study of Social Issues." 
504 |a Bibliography: volume 1, pages [391]-406; repeated in volume 2, pages [727]-742. 
505 0 |a pt.1. Basic processes.- pt.2. Selected techniques. 
650 0 |a Social sciences  |x Research. 
650 2 |a Social Sciences. 
650 2 |a Research. 
700 1 |a Jahoda, Marie. 
710 2 |a Society for the Psychological Study of Social Issues. 
999 |a MARS 
999 f f |s 0d04ee63-2be3-38ea-b895-fc9b28727ac5  |i 763a3b6e-3fbb-3511-917b-32705b17e454  |t 0 
952 f f |p normal  |a Texas A&M University  |b College Station  |c Sterling C. Evans Library  |d Evans: Library Stacks  |t 0  |e H62 R45  |h Library of Congress classification  |i unmediated -- volume  |k v.1  |m A14800646099 
952 f f |p normal  |a Texas A&M University  |b College Station  |c Sterling C. Evans Library  |d Evans: Library Stacks  |t 0  |e H62 R45  |h Library of Congress classification  |i unmediated -- volume  |k v.2:c.2  |m A14800646112 
998 f f |a H62 R45  |s v.2  |t 0  |l Evans: Library Stacks 
998 f f |a H62 R45  |s v.1-v.2  |t 0  |l Evans: Library Stacks